| 000 | 01085pam a2200349 i 4500 | ||
|---|---|---|---|
| 003 | EG-GICUC | ||
| 005 | 20260204123550.0 | ||
| 008 | 890817s1990 mnu frb 001 0 eng d | ||
| 020 | _a0314663711 | ||
| 020 | _a9780314663719 | ||
| 040 |
_aDLC _cDLC _dDLC _dEG-GICUC _beng _erda |
||
| 050 | 0 | 0 |
_aKZ3110.B84 _bA37 1990 |
| 082 | 0 | 0 |
_a341.1 _221 |
| 092 | 0 | 4 | _221 |
| 099 | _aLaw 11 1990 | ||
| 100 | 1 | _aBuergenthal, Thomas. | |
| 245 | 1 | 0 |
_aPublic international law in a nutshell / _cby Thomas Buergenthal, Harold G. Maier. |
| 250 | _a2nd edition. | ||
| 264 |
_aSt. Paul, Minn. : _bWest Pub. Co., _c1990. |
||
| 300 |
_axli, 275 pages ; _c19 cm. |
||
| 336 |
_atext _2rdacontent |
||
| 337 |
_aComputer _2rdamedia |
||
| 338 |
_aOnline Resource _2rdacarrier |
||
| 490 | 1 | _aWest nutshell series | |
| 504 | _a"International legal research sources": p. 243-257. | ||
| 650 | 0 | _aInternational law. | |
| 700 | 1 |
_aMaier, Harold G., _d1937- |
|
| 830 | 0 | _aNutshell series. | |
| 856 | 4 | 0 | _uhttps://fll.law.cu.edu.eg/fulltext/bks/ENGB11-00118.pdf |
| 905 | _a10 | ||
| 942 |
_2ddc _cBK _e21 _n0 |
||
| 999 |
_c60884 _d60884 |
||